LEADER 01230nam a2200289 a 4500 001 000000141143 003 CaOOAMICUS 005 20150114100051.0 008 150114m19829999it u000 u ita r 040 $aPUL$bita 110 2 $aCentro di studi avellaniti.$bConvegno$n(5 :$d1981 :$cFonte Avellana).$0(OLS)http://pul/name/90885 245 10$aFonte Avellana nel suo millenario :$bFonte Avellana 26-27-28 agosto 1981. 260 $aFonte Avellana :$b[s.n.],$c1982- 300 $a152-244 p. ;$c24 cm 500 $aIl v. include un estratto di Giuseppe Fornasari. 500 $aSulla cop.: Estratto. 504 $aBibliografia in nota. 505 1 $aV. 1. Le origini. 651 4$aFonte Avellana$xStoria.$0(OLS)http://pul/subject/15741 700 1 $aFornasari, Giuseppe.$0(OLS)http://pul/name/15463 850 $aPUL 852 $aPUL$W1$xDP1 Fondo Capitani$y116$m3 B 49$j106121$av. 1$qFondi$B162690$CPULBib$Z2$F162690 $H1976 $82 941 1 $a1 961 $aDedica autografa dell'A. 996 $6245$aFonte Avellana nel suo millenario :$bFonte Avellana 26-27-28 agosto 1981$9(OLS)http://pul/title/178607 996 $6260$aFonte Avellana :$b[s.n.]$9(OLS)http://pul/publisher/53660 LEADER 01074nam a2200229 u 4500 001 000000109363 003 CaOOAMICUS 005 20080131123631.0 008 080131s1975 it a u000 u ita u 040 $aPUL$bita$dMCT 245 13$aIl teatro dell'io: l'onirodramma :$bi bambini drammatizzano a scuola i loro sogni /$cLorenza Mazzetti. 260 $aRimini ;$aFirenze :$bGuaraldi,$c1975. 300 $a235 p. :$bill. ;$c19 cm. 490 1 $aLe frontiere dell'educazione ;$v 25 650 4$aPsicologia$xSogni.$0(OLS)http://pul/subject/7753 650 4$aPsicopedagogia.$0(OLS)http://pul/subject/23236 830 3$aLe frontiere dell'educazione ;$v 25.$0(OLS)http://pul/title/94716 850 $aPUL 852 $aPUL$W1$xDP1 Cons. Gen., Altre Classi 1$y22$m846 A 51$j125049$qStampati$B123779$CPULBib$Z2$F123779 $H64225 $82 941 1 $a8 996 $6245$aIl teatro dell'io: l'onirodramma :$bi bambini drammatizzano a scuola i loro sogni$9(OLS)http://pul/title/137587 996 $6260$aRimini ;$aFirenze :$bGuaraldi$9(OLS)http://pul/publisher/72485